| 000 | 00465cam a2200181ua 4500 | ||
|---|---|---|---|
| 020 | _cRs.1.00 | ||
| 041 |
_amal _h |
||
| 082 |
_a894.8121 _bONV/MA |
||
| 100 | _aKurup, O N V. | ||
| 245 |
_aMarubhoomi / _cO.N.V.Kurup. _hTextual Documents |
||
| 260 |
_aErnakulam : _bPrabhatham printing and publishing co. pvt. ltd. , _c1959. |
||
| 300 | _a42 ; . | ||
| 365 | _aRs.1.00 | ||
| 504 | _a | ||
| 650 | _aPoems - Malayalam | ||
| 942 | _cBK | ||
| 999 |
_c604 _d604 |
||